000 00660nam a2200253Ia 4500
003 OSt
005 20220918174258.0
006 a|||||r|||| 00| 0
007 ta
008 220917b |||||||| |||| 00| 0 eng d
024 _a11,383
037 _cTextual
040 _aARTS
_cARTS
_beng
041 _2eng
_aeng
082 _a/\:87v564.N, K7
100 _aByrne Patrick F.
_949806
245 0 _aWitchcraft in Ireland
260 _aHong
_bKong Mercier Press
_c1967
300 _a76p
_ccm.
500 _aBibliography 76p
650 _aSPIRITUALISM
942 _h/\:87v564.N, K7
_cTEXL
_2CC
999 _c152494
_d152494